Southville International School and Colleges
Your cart is empty.
  • Cart
  • Lists
    Public lists Eva Luna New books Lux_list list_1
    Your lists Log in to create your own lists
  • Log in to your account
  • Your cookies
  • Search history
Southville International School and Colleges
  • Advanced search
  • Recent comments
  • Most popular
  • Libraries

Log in to your account

Log in with GOOGLE


If you do not have an external account, but do have a local account, you can still log in:

  1. Home
  2. MARC view: The Craft of quoting:
Normal view MARC view ISBD view

The Craft of quoting: (Record no. 358781)

[ view plain ]
MARC details
000 -LEADER
fixed length control field 00560nam a2200205Ia 4500
003 - CONTROL NUMBER IDENTIFIER
control field SISC
005 - DATE AND TIME OF LATEST TRANSACTION
control field 20180927130744.0
008 - FIXED-LENGTH DATA ELEMENTS--GENERAL INFORMATION
fixed length control field 180918s9999 xx 000 0 und d
020 ## - INTERNATIONAL STANDARD BOOK NUMBER
International Standard Book Number 9781631893377
050 ## - LIBRARY OF CONGRESS CALL NUMBER
Classification number PN 4784 .Q6
Item number .H313 2016
100 ## - MAIN ENTRY--PERSONAL NAME
Personal name Harris, Frank III
245 ## - TITLE STATEMENT
Statement of responsibility, etc Frank Harris III
Title The Craft of quoting:
Remainder of title the art of writing it like it's said/
250 ## - EDITION STATEMENT
Edition statement 1st ed.
260 ## - PUBLICATION, DISTRIBUTION, ETC. (IMPRINT)
Place of publication, distribution, etc US:
Name of publisher, distributor, etc Cognella, Inc.
Date of publication, distribution, etc 2016
300 ## - PHYSICAL DESCRIPTION
Extent 74 pages :
Dimensions 22 cm.
500 ## - GENERAL NOTE
General note includes index
650 ## - SUBJECT ADDED ENTRY--TOPICAL TERM
Topical term or geographic name as entry element Journalism
942 ## - ADDED ENTRY ELEMENTS (KOHA)
Source of classification or shelving scheme Library of Congress Classification
Koha item type Books
Holdings
Withdrawn status Lost status Source of classification or shelving scheme Damaged status Home library Current library Shelving location Date acquired Source of acquisition Total Checkouts Full call number Barcode Date last seen Price effective from Koha item type
    Library of Congress Classification   Luxembourg Library Luxembourg Library High School Section 09/18/2018 Donation   PN 4784.Q6 H313 2016 20566 09/18/2018 09/18/2018 Books

The Craft of quoting:

APA

Harris F. I., . (2016). The Craft of quoting. US: Cognella, Inc.

Chicago

Harris Frank III, . 2016. The Craft of quoting. US: Cognella, Inc.

Harvard

Harris F. I., . (2016). The Craft of quoting. US: Cognella, Inc.

MLA

Harris Frank III, . The Craft of quoting. US: Cognella, Inc. 2016.

  • Place hold
  • Print
  • Cite
  • Add to your cart (remove)
  • Save record
    BIBTEX Dublin Core MARCXML MARC (non-Unicode/MARC-8) MARC (Unicode/UTF-8) MARC (Unicode/UTF-8, Standard) MODS (XML) RIS
  • More searches
    Search for this title in:
    Other Libraries (WorldCat) Other Databases (Google Scholar) Online Stores (Bookfinder.com) Open Library (openlibrary.org)

Exporting to Dublin Core...

SOUTHVILLE LIBRARY

Southville International School and Colleges Library

1281 Tropical Ave. Cor. Luxembourg St., BF Homes International, Las Pinas City

Tel. No. 8256374 / 252358 Loc. 117/146

Powered by Koha